Europäische Länder die nicht Nato-Mitglied sind - Statistiken

Allgemein
  • Dieses Quiz wurde 16.284 mal gespielt
  • Das Durchschnittsergebnis liegt bei 11 aus 16
Antwortstatistiken
Land % Korrekt
Schweiz
88%
Ukraine
85%
Andorra
76%
Belarus
76%
Vatikanstadt
76%
Russland
75%
Liechtenstein
74%
Serbien
74%
San Marino
73%
Kosovo
67%
Monaco
67%
Moldawien
62%
Bosnien und Herzegowina
59%
Malta
59%
Österreich
56%
Irland
49%
Keine übereinstimmenden Quizze gefunden
Verteilung der Resultate
Anzahl Personen mit jedem Resultat
Perzentil nach korrekt beantworteten Fragen
Ihre Resultats-Entwicklung
Sie haben dieses Quiz noch nicht gespielt